|
|
|
|
| LEADER |
00000ny a22000003n 4500 |
| 005 |
20110511122312.0 |
| 008 |
071017c19uu9999sz mr pss 0 a0eng d |
| 022 |
|
|
|a 1420-1151
|
| 035 |
|
|
|a 2946
|
| 040 |
|
|
|a BUS
|d vLex
|
| 090 |
|
|
|c 1649
|d 1649
|
| 245 |
3 |
0 |
|a Swiss news
|h [Recurso electrn̤ico]
|
| 256 |
|
|
|a Servicio en ln̕ea
|
| 260 |
|
|
|a Zurich, Switzerland :
|b HandelsZeitung Publications
|
| 310 |
|
|
|a 10 nm︢eros al aǫ
|
| 506 |
1 |
|
|a Contenido solo disponible en los productos indicados
|d vLex Global
|d vLex Global (Academic Edition, excluding Law Schools)
|d vLex Global (Academic Edition, Law Schools)
|
| 650 |
0 |
4 |
|a Turismo
|x Publicaciones perid̤icas
|
| 650 |
0 |
4 |
|a Viajes
|x Publicaciones perid̤icas
|
| 651 |
|
4 |
|a Suiza
|x Comercio
|x Publicaciones perid̤icas
|
| 740 |
0 |
|
|a vLex Revista (Servicios en ln̕ea)
|
| 843 |
|
|
|a Electrn̤ica. Abierta
|
| 853 |
|
|
|8 1
|i (year)
|j (month)
|k (day)
|
| 856 |
4 |
0 |
|z Acceso restringido
|u http://vlex.com/account/login_ip?fuente_id=2946
|
| 942 |
|
|
|c REV
|